[Event "Biel MTO op"]
[Site "Biel"]
[Date "1995.07.??"]
[Round "7"]
[White "Gallagher, Joseph G"]
[Black "Vehi Bach, Victor Manuel"]
[Result "1-0"]
[WhiteElo "2515"]
[BlackElo "2445"]
[PlyCount "51"]
[SourceDate "2003.01.01"]

1. e4 c5 2. Nf3 e6 3. d4 cxd4 4. Nxd4 Nf6 5. Nc3 d6 6. g4 Nc6 7. g5 Nd7 8. h4
Be7 9. Be3 O-O 10. Qh5 a6 11. O-O-O Nxd4 12. Bxd4 b5 13. e5 d5 14. Bd3 g6 15.
Qg4 Bc5 16. h5 Bxd4 17. Qxd4 Qxg5+ 18. f4 Qe7 19. hxg6 fxg6 20. f5 gxf5 21.
Nxd5 exd5 22. Rdg1+ Kh8 23. e6+ Nf6 24. Bxf5 Ra7 25. Bxh7 Qxh7 26. Qxa7 1-0

[Event "Troll Masters"]
[Site "Gausdal"]
[Date "1990.01.??"]
[Round "4"]
[White "Shirov, Alexei"]
[Black "King, Daniel J"]
[Result "1-0"]
[WhiteElo "2500"]
[BlackElo "2515"]
[PlyCount "77"]
[SourceDate "2003.01.01"]

1. d4 e6 2. c4 Bb4+ 3. Nc3 c5 4. d5 Nf6 5. f3 exd5 6. cxd5 d6 7. e4 O-O 8. Nge2
a6 9. Ng3 b5 10. a4 bxa4 11. Qxa4 Nbd7 12. Be2 Nb6 13. Qc2 a5 14. O-O c4 15.
Nd1 Nfd7 16. Ne3 Ba6 17. Nef5 g6 18. Nh6+ Kh8 19. Be3 a4 20. f4 f6 21. Rad1 Qc7
22. Kh1 Kg7 23. f5 Ne5 24. fxg6 hxg6 25. Ng4 Nxg4 26. Bxg4 c3 27. Rf3 Nc4 28.
Be6 Nxe3 29. Rxe3 Rh8 30. Rf3 Qc4 31. bxc3 Bc5 32. e5 dxe5 33. Nf5+ gxf5 34.
Rg3+ Kf8 35. Qxf5 Qf4 36. Qg6 Ra7 37. Rh3 Rxh3 38. Qg8+ Ke7 39. d6+ 1-0

[Event "Euwe mem"]
[Site "Amsterdam"]
[Date "1988.03.??"]
[Round "4"]
[White "Short, Nigel D"]
[Black "Ljubojevic, Ljubomir"]
[Result "1-0"]
[WhiteElo "2630"]
[BlackElo "2610"]
[PlyCount "63"]
[SourceDate "2003.01.01"]

1. e4 c5 2. Nf3 d6 3. d4 cxd4 4. Nxd4 Nf6 5. Nc3 Nc6 6. Bg5 e6 7. Qd2 a6 8.
O-O-O h6 9. Be3 Bd7 10. f4 b5 11. Bd3 Be7 12. Kb1 b4 13. Nce2 O-O 14. h3 Qc7
15. g4 Qb7 16. Ng3 Nxd4 17. Bxd4 Bc6 18. Rhe1 Rfe8 19. g5 hxg5 20. fxg5 Nd7 21.
Bxg7 Kxg7 22. Nh5+ Kg6 23. e5+ Kxh5 24. Qf4 Bxg5 25. Qxf7+ Kh4 26. Qh7+ Kg3 27.
Qh5 Kh2 28. Qxg5 Rg8 29. Rd2+ Bg2 30. Qf4+ Rg3 31. Be4 Qxe4 32. Qxe4 1-0

[Event "Bern Cup"]
[Site "Bern"]
[Date "1996.??.??"]
[Round "1"]
[White "Sadler, Matthew"]
[Black "Brunner, Lucas"]
[Result "1-0"]
[WhiteElo "2600"]
[BlackElo "2510"]
[PlyCount "85"]
[SourceDate "2003.01.01"]

1. d4 d5 2. c4 dxc4 3. e3 Nf6 4. Bxc4 e6 5. Nf3 c5 6. Qe2 a6 7. dxc5 Bxc5 8. e4
b5 9. Bb3 Bb7 10. Bc2 Nbd7 11. O-O Qb8 12. Nbd2 O-O 13. e5 Ng4 14. Ne4 Ngxe5
15. Bf4 Nxf3+ 16. Qxf3 Qa7 17. Qh3 Bd4 18. Nc5 Nf6 19. Nd7 Rfd8 20. Nxf6+ Bxf6
21. Be3 Bd4 22. Qxh7+ Kf8 23. Qh8+ Ke7 24. Qh4+ Ke8 25. Qh8+ Ke7 26. Bg5+ Bf6
27. Qxg7 Qd4 28. Bg6 Bxg5 29. Qxf7+ Kd6 30. Rad1 Bd2 31. Qxb7 Rh8 32. Qf3 Kc5
33. Rc1+ Bxc1 34. Rxc1+ Kb6 35. Qc6+ Ka5 36. Qc7+ Kb4 37. a3+ Kb3 38. Qc2+ Ka2
39. Qb1+ Kb3 40. Bc2+ Kc4 41. Be4+ Kb3 42. Rc3+ Ka4 43. Qc2+ 1-0

[Event "Madrid rapid"]
[Site "Madrid"]
[Date "1988.12.??"]
[Round "3"]
[White "Sokolov, Andrei"]
[Black "Speelman, Jonathan S"]
[Result "0-1"]
[WhiteElo "2595"]
[BlackElo "2625"]
[PlyCount "54"]
[SourceDate "2003.01.01"]

1. e4 d5 2. exd5 Nf6 3. c4 e6 4. dxe6 Bxe6 5. d4 Bb4+ 6. Bd2 Qe7 7. Bxb4 Qxb4+
8. Nd2 Nc6 9. Ngf3 O-O-O 10. d5 Bg4 11. Be2 Bxf3 12. Bxf3 Rhe8+ 13. Kf1 Nd4 14.
Qc1 Nxf3 15. Nxf3 Re4 16. b3 Rde8 17. h3 Nh5 18. g3 Nxg3+ 19. fxg3 Re3 20. Ng1
Qd6 21. Rh2 Rxg3 22. Qb2 Qg6 23. Kf2 Ree3 24. Ne2 Rgf3+ 25. Ke1 Qg1+ 26. Kd2
Qxh2 27. Re1 Qf2 0-1

[Event "Linares zt"]
[Site "Linares"]
[Date "1995.11.??"]
[Round "7"]
[White "Illescas Cordoba, Miguel"]
[Black "Miles, Anthony J"]
[Result "1-0"]
[WhiteElo "2620"]
[BlackElo "2600"]
[PlyCount "59"]
[SourceDate "2003.01.01"]

1. e4 Nc6 2. Nf3 d6 3. d4 Nf6 4. Nc3 Bg4 5. Be3 e6 6. h3 Bh5 7. d5 Ne7 8. Bb5+
c6 9. dxc6 bxc6 10. Ba4 Qc7 11. Qe2 Nd7 12. g4 Bg6 13. O-O-O e5 14. Qc4 Rc8 15.
Nh4 Nb6 16. Bxb6 axb6 17. Rd3 d5 18. exd5 Bxd3 19. Qxd3 Rd8 20. Rd1 g6 21. d6
Bh6+ 22. Kb1 Qb8 23. Ne4 b5 24. Nf6+ Kf8 25. dxe7+ Kxe7 26. Nd7 bxa4 27. Nf5+
gxf5 28. Qa3+ Ke6 29. gxf5+ Kxf5 30. Qf3+ 1-0

[Event "Heraklio op"]
[Site "Heraklio"]
[Date "1993.??.??"]
[Round "5"]
[White "Atalik, Suat"]
[Black "Miles, Anthony J"]
[Result "0-1"]
[WhiteElo "2535"]
[BlackElo "2565"]
[PlyCount "60"]
[SourceDate "2003.01.01"]

1. d4 Nf6 2. c4 g6 3. Nc3 Bg7 4. e4 d6 5. f3 O-O 6. Be3 c5 7. Nge2 Nc6 8. Qd2
e6 9. Rd1 b6 10. Bg5 Ba6 11. d5 Ne5 12. b3 h6 13. Be3 exd5 14. Nxd5 Nxd5 15.
Qxd5 b5 16. cxb5 Bxb5 17. Nc1 Bc6 18. Qd2 f5 19. Qxd6 Qe8 20. Qxc5 fxe4 21. f4
Nd3+ 22. Nxd3 exd3 23. Kf2 Rc8 24. Qc4+ Kh8 25. Qxd3 g5 26. Rc1 Rd8 27. Qe2
gxf4 28. Bc5 f3 29. Qxe8 fxg2+ 30. Bxf8 gxh1=N+ 0-1

[Event "San Francisco"]
[Site "San Francisco"]
[Date "1991.03.??"]
[Round "8"]
[White "Tal, Mihail"]
[Black "Rogers, Ian"]
[Result "1-0"]
[WhiteElo "2570"]
[BlackElo "2545"]
[PlyCount "55"]
[SourceDate "2003.01.01"]

1. e4 e6 2. d4 d5 3. Nd2 dxe4 4. Nxe4 Nd7 5. Nf3 Ngf6 6. Nxf6+ Nxf6 7. Bd3 c5
8. dxc5 Bxc5 9. Qe2 O-O 10. Bg5 Qa5+ 11. c3 Be7 12. Ne5 b6 13. Bb5 a6 14. Bc6
Ra7 15. b4 Qa3 16. Qc2 Nd5 17. Bxd5 exd5 18. Bc1 Bf5 19. Bxa3 Bxc2 20. Nc6 Bf6
21. Nxa7 Bxc3+ 22. Ke2 Re8+ 23. Kf3 Re6 24. Rhc1 Be4+ 25. Ke2 d4 26. f3 Bf5+
27. Kf2 Re3 28. Rab1 1-0

[Event "Hoogovens op"]
[Site "Wijk aan Zee"]
[Date "1995.01.??"]
[Round "10"]
[White "Almasi, Zoltan"]
[Black "Sokolov, Ivan"]
[Result "0-1"]
[WhiteElo "2590"]
[BlackElo "2645"]
[PlyCount "52"]
[SourceDate "2003.01.01"]

1. e4 e5 2. Nf3 Nc6 3. Bb5 a6 4. Ba4 Nf6 5. O-O Nxe4 6. d4 b5 7. Bb3 d5 8. dxe5
Be6 9. Be3 Be7 10. c3 O-O 11. Nbd2 Qd7 12. Bc2 f5 13. exf6 Nxf6 14. Qb1 Kh8 15.
Ng5 Ng4 16. Ngf3 Qd6 17. Re1 Rxf3 18. Nxf3 Nce5 19. Nd2 Nc4 20. Nf1 Rf8 21. Bd1
Ncxe3 22. fxe3 Rxf1+ 23. Kxf1 Qxh2 24. Bf3 Ne5 25. Qd1 Bh4 26. Rc1 Bg4 0-1

[Event "New York op"]
[Site "Newark"]
[Date "1995.04.12"]
[Round "?"]
[White "Yee, Patrick"]
[Black "Hodgson, Julian M"]
[Result "0-1"]
[WhiteElo "2265"]
[BlackElo "2615"]
[PlyCount "58"]
[SourceDate "2003.01.01"]

1. e4 g6 2. d4 Bg7 3. Bc4 c5 4. c3 cxd4 5. Nf3 d6 6. cxd4 Nf6 7. Nc3 O-O 8. Bb3
Bg4 9. h3 Bxf3 10. Qxf3 Nc6 11. Be3 Nd7 12. Qd1 Na5 13. O-O Nb6 14. Qe2 Rc8 15.
Rfd1 Nbc4 16. Bg5 a6 17. Rd3 b5 18. Rad1 Re8 19. Bc1 e6 20. Qg4 Nxb3 21. axb3
Na5 22. Ne2 Rc2 23. Bg5 Qa8 24. R1d2 f5 25. Qh4 fxe4 26. Rxc2 exd3 27. Rc7 dxe2
28. Bf6 e1=Q+ 29. Kh2 Qb7 0-1